| 000 | 00695nam a2200145Ia 4500 | ||
|---|---|---|---|
| 008 | 170221s9999 xx 000 0 und d | ||
| 100 | _aRais S. Safin | ||
| 245 | _aInnovative Entrepreneurship in Education: A New Look in the Students Training Content and Existing Problems | ||
| 245 | _cRais S. Safin, Albina R. Shaidullina, Rovzat A. Alikhanova, Isita V. Muskhanova, Tatyana V. Yusupkhadzhieva, Lolita A. Dzhamalkhanova, Fariza V. Mezhidova, Venera M. Nigmetzyanova, Linar G. Akhmetov | ||
| 260 | _bInternational Review of Management and Marketing | ||
| 260 | _cNovember 2014 | ||
| 300 | _a3:4 | ||
| 650 | _xMarketing. | ||
| 856 | _uhttp://www.econjournals.com/index.php/irmm/issue/view/71 | ||
| 999 |
_c310209 _d310209 |
||